<?xml version="1.0" encoding="UTF-8"?><?xml-stylesheet type="text/xsl" href="static/style.xsl"?><OAI-PMH xmlns="http://www.openarchives.org/OAI/2.0/" xmlns:xsi="http://www.w3.org/2001/XMLSchema-instance" xsi:schemaLocation="http://www.openarchives.org/OAI/2.0/ http://www.openarchives.org/OAI/2.0/OAI-PMH.xsd"><responseDate>2026-06-07T15:52:48Z</responseDate><request verb="GetRecord" identifier="oai:docta.ucm.es:20.500.14352/57025" metadataPrefix="marc">https://docta.ucm.es/rest/oai/request</request><GetRecord><record><header><identifier>oai:docta.ucm.es:20.500.14352/57025</identifier><datestamp>2024-07-15T12:17:12Z</datestamp><setSpec>com_20.500.14352_14</setSpec><setSpec>col_20.500.14352_15</setSpec></header><metadata><record xmlns="http://www.loc.gov/MARC21/slim" xmlns:dcterms="http://purl.org/dc/terms/" xmlns:xsi="http://www.w3.org/2001/XMLSchema-instance" xmlns:doc="http://www.lyncode.com/xoai" xsi:schemaLocation="http://www.loc.gov/MARC21/slim http://www.loc.gov/standards/marcxml/schema/MARC21slim.xsd">
   <leader>00925njm 22002777a 4500</leader>
   <datafield ind2=" " ind1=" " tag="042">
      <subfield code="a">dc</subfield>
   </datafield>
   <datafield ind2=" " ind1=" " tag="720">
      <subfield code="a">Villanueva Díez, Ignacio</subfield>
      <subfield code="e">author</subfield>
   </datafield>
   <datafield ind2=" " ind1=" " tag="260">
      <subfield code="c">2003</subfield>
   </datafield>
   <datafield ind2=" " ind1=" " tag="520">
      <subfield code="a">We clarify and prove in a simpler way a result of Taskinen about symmetric operators on C(K-n), K an uncountable metrizable compact space. To do this we prove that, for any compact space K and any n is an element of N, the symmetric injective n-tensor product of C(K)(&amp;OTIMES;) over cap C-n(s,epsilon)(K), is complemented in C((BC(K)*)), a result of independent interest. The techniques we develop allow us to extend the result in several directions. We also show that the hypothesis of metrizability and uncountability cannot be removed</subfield>
   </datafield>
   <datafield ind1="8" ind2=" " tag="024">
      <subfield code="a">Villanueva Díez, I. «Remarks on a Theorem of Taskinen on Spaces of Continuous Functions». Mathematische Nachrichten, vol. 250, n.o 1, febrero de 2003, pp. 98-103. DOI.org (Crossref), https://doi.org/10.1002/mana.200310024.</subfield>
   </datafield>
   <datafield ind1="8" ind2=" " tag="024">
      <subfield code="a">98-103</subfield>
   </datafield>
   <datafield ind1="8" ind2=" " tag="024">
      <subfield code="a">10.1002/mana.200310024</subfield>
   </datafield>
   <datafield ind1="8" ind2=" " tag="024">
      <subfield code="a">https://hdl.handle.net/20.500.14352/57025</subfield>
   </datafield>
   <datafield ind1="8" ind2=" " tag="024">
      <subfield code="a">https//doi.org/10.1002/mana.200310024</subfield>
   </datafield>
   <datafield ind1="8" ind2=" " tag="024">
      <subfield code="a">http://onlinelibrary.wiley.com/doi/10.1002/mana.v250:1/issuetoc</subfield>
   </datafield>
   <datafield ind2="0" ind1="0" tag="245">
      <subfield code="a">Remarks on a theorem of Taskinen on spaces of continuous functions</subfield>
   </datafield>
</record></metadata></record></GetRecord></OAI-PMH>